000 00339nam a2200133Ia 4500
008 151001s9999||||xx |||||||||||||| ||und||
100 _aशं रा देवळे
245 _aआपले देव आपली दैवत
250 _a1
260 _bशकून
260 _c1987
300 _a111
365 _b18
999 _c968882
_d968879